Healthy cities

Αποθηκεύτηκε σε:
Λεπτομέρειες βιβλιογραφικής εγγραφής
Άλλοι συγγραφείς: Ashton, John 1947-
Μορφή: Βιβλίο
Γλώσσα:English
Δημοσίευση: Milton Keynes [England] : Philadelphia : Open University Press, 1992
Θέματα:
Ετικέτες: Προσθήκη ετικέτας
Δεν υπάρχουν, Καταχωρήστε ετικέτα πρώτοι!

MARC

LEADER 00000cam a2200000 i 4500
001 1/29120
008 950726s1992 eng d
020 |a 0335094775 ((hb)) 
020 |a 0335094767 ((pb)) 
035 |l 10023162 
040 |a GR-MY-UA  |b gre  |e aacr 
041 0 |a eng 
082 0 |a 362.1998 
245 1 0 |a Healthy cities /  |c edited by John Ashton 
260 |a Milton Keynes [England] :   |a Philadelphia :   |b Open University Press,   |c 1992 
300 |a xiv, 235 p.;  |b ill., maps;  |c 24 cm 
504 |a Includes bibliographical references and index 
650 0 0 |a Urban health. 
700 1 |a Ashton, John  |d 1947- 
852 |a INST  |b CHIOS  |e 19950726  |h 362.1998 HEA  |p 005200002587  |q 005200002587  |t BK  |y 0 
909 |a Χ  |b 032704